Guess The Formula One Anything By The Picture - Statistics

General Stats
  • This quiz has been taken 22 times
  • The average score is 10 of 16
Answer Stats
Picture Answer % Correct
Max Verstappen
95%
Alpine
91%
McLaren
91%
Michael Schumacher
91%
Daniel Ricciardo
86%
Valtteri Bottas
86%
Nico Hulkenberg
82%
Safety Car
77%
Sauber
73%
Front Wing
68%
Monaco Grand Prix
64%
Spa-Francorchamps
64%
Jacky Ickx
23%
Hard Tyres
18%
Istanbul Park
18%
Plank
14%
No matching quizzes found
Score Distribution
Percent of People with Each Score
Percentile by Number Answered
Your Score History
You have not taken this quiz